Radical design (Record no. 75814)
[ view plain ]
| 000 -LEADER | |
|---|---|
| fixed length control field | 01274cab a2200193 4500 |
| 001 - CONTROL NUMBER | |
| control field | L130823 |
| 008 - FIXED-LENGTH DATA ELEMENTS--GENERAL INFORMATION | |
| fixed length control field | 050902n 000 0 eng u |
| 035 ## - SYSTEM CONTROL NUMBER | |
| System control number | (Sirsi) u130823 |
| 041 0# - LANGUAGE CODE | |
| Language code of text/sound track or separate title | eng |
| 100 ## - MAIN ENTRY--PERSONAL NAME | |
| Personal name | Priestley, Robin |
| 245 ## - TITLE STATEMENT | |
| Title | Radical design |
| 490 ## - SERIES STATEMENT | |
| Series statement | Journal of the Law Society of Scotland |
| Volume/sequential designation | 50(8) August 2005, 26-27(2) |
| 520 ## - SUMMARY, ETC. | |
| Summary, etc. | Outlines the key features of the Scottish Executive's White Paper "Modernising the planning system" (see L130198) that proposes a radical overhaul of the planning system in Scotland. Lists the key proposals and discusses: the hierarchy for planning; agreements on processing major development proposals; improvement of guidance governing such agreements; statutory consultation; life of consents; appeal periods;the primacy of development plans and the rejection of third-party right of appeal at this time. Concludes that the White Paper's proposals could create real improvements in the planning system but does not underestimate the difficulties of implementation nor the considerable resource implications for public authorities. |
| 590 ## - LOCAL NOTE (RLIN) | |
| Local note | IKA130905 |
| 690 ## - LOCAL SUBJECT ADDED ENTRY--TOPICAL TERM (OCLC, RLIN) | |
| Topical term or geographic name as entry element | ENVIRONMENTAL AND LAND CONSULTANCY-PLANNING AND DEVELOPMENT-STRATEGIC PLANNING |
| 700 ## - ADDED ENTRY--PERSONAL NAME | |
| Personal name | Mair, Caroline |
| 700 ## - ADDED ENTRY--PERSONAL NAME | |
| Personal name | Mackay, Jason |
| 942 ## - ADDED ENTRY ELEMENTS (KOHA) | |
| Suppress in OPAC | 0 |
| Withdrawn status | Lost status | Source of classification or shelving scheme | Damaged status | Not for loan | Home library | Current library | Shelving location | Date acquired | Total Checkouts | Full call number | Barcode | Date last seen | Copy number | Price effective from | Koha item type |
|---|---|---|---|---|---|---|---|---|---|---|---|---|---|---|---|
| Dewey Decimal Classification | London | London | Journal article | 02/09/2005 | L130823 | 130823-1001 | 06/08/2019 | 1 | 06/08/2019 | Journal article |